000 00342nam a2200145Ia 4500
005 20241024060657.0
008 240331s9999 xx 000 0 und d
082 _bWIJ
_a821
100 _aWijeratne,K
245 4 _aThe smell of araliya
260 _aAmpitiya
_bSamararatna printers
_c1983
300 _a44 p .,
650 _apoems
942 _cL
999 _c3330
_d3330